Di mana hos bomba?

Bibliographic Details
Main Author: Abisha Naim
Format: Book
Published: Kuala Lumpur : Pustaka Prinsip , 2005
Series:Siri sivik dan kewarganegaraan
Subjects:

MARC

LEADER 00000cam a2200000 7i4500
001 0000000114
005 20151222.0
008 070629
020 |a 9830532801(set) 
020 |a 9830532836 
090 0 0 |a JF   |b PR MAL (309) 
100 0 |a Abisha Naim 
245 1 0 |a Di mana hos bomba?   |c Abisha Naim 
260 |a Kuala Lumpur :   |b Pustaka Prinsip ,   |c 2005 
440 |a Siri sivik dan kewarganegaraan 
500 |a Children ages 7-9 years old (orange) 
650 0 |a Children's stories   |x Malay fiction 
999 |a 0000953937   |b Book   |c Children Collection   |e Perbadanan Perpustakaan Awam Johor 
999 |a 0000953938   |b Book   |c Children Collection   |e Perbadanan Perpustakaan Awam Johor 
999 |a 0000953939   |b Book   |c Children Collection   |e Cawangan Tangkak 
999 |a 0000953940   |b Book   |c Children Collection   |e Cawangan Tangkak 
999 |a 0000953961   |b Book   |c Children Collection   |e Perbadanan Perpustakaan Awam Johor 
999 |a 0001147531   |b Book   |c Children Collection   |e Cawangan Mersing